000
00208 a2200097 4500
020
_a
9798890630117
041
_a
spa
100
_a
Van der Berg, Esther
245
_a
El mundo de gusanitos, Numeros
942
_c
BK
999
_c
31957
_d
31955